00571nam a22002057a 450000500170000001000130001702000100003003500130004003700160005304000120006908200160008124500980009726000410019527000370023630000210027365000080029465000270030270000180032970000180034720170124105959.0 aA-377429 c00.00 aA-377429 bCen Lib/Ret aDPLbEN a342.73bPOL aPolicy implementation :cedited by John Brigham [and] Don W. Brownbpenalties or incentives / aCaliforniabSage publications c1980 bCalifornia a375, South beverly  a371p. c21cm(Hb) aLaw aPolicy implementation  aBrigham, John aBrown, Don W.